<?xml version="1.0" encoding="UTF-8"?>
<record
    xmlns:xsi="http://www.w3.org/2001/XMLSchema-instance"
    xsi:schemaLocation="http://www.loc.gov/MARC21/slim http://www.loc.gov/standards/marcxml/schema/MARC21slim.xsd"
    xmlns="http://www.loc.gov/MARC21/slim">

  <leader>02832njm a2200457Ia 4500</leader>
  <controlfield tag="001">32945</controlfield>
  <controlfield tag="003">IT-RoPAU</controlfield>
  <controlfield tag="005">20220918181120.0</controlfield>
  <controlfield tag="008">131025s9999    xx            000 0 und d</controlfield>
  <datafield tag="040" ind1=" " ind2=" ">
    <subfield code="a">IT-RoPAU</subfield>
  </datafield>
  <datafield tag="040" ind1=" " ind2=" ">
    <subfield code="c">IT-RoPAU</subfield>
  </datafield>
  <datafield tag="041" ind1=" " ind2=" ">
    <subfield code="a">ITALIANO</subfield>
  </datafield>
  <datafield tag="999" ind1=" " ind2=" ">
    <subfield code="c">99693</subfield>
    <subfield code="d">99693</subfield>
  </datafield>
  <datafield tag="999" ind1=" " ind2=" ">
    <subfield code="b">n.d.</subfield>
  </datafield>
  <datafield tag="100" ind1=" " ind2=" ">
    <subfield code="a">AA.VV.</subfield>
    <subfield code="9">794</subfield>
  </datafield>
  <datafield tag="100" ind1=" " ind2=" ">
    <subfield code="e">Autore musica</subfield>
    <subfield code="9">18880</subfield>
  </datafield>
  <datafield tag="100" ind1=" " ind2=" ">
    <subfield code="g">Codice autore musica SPICS: 12000</subfield>
    <subfield code="9">796</subfield>
  </datafield>
  <datafield tag="245" ind1=" " ind2=" ">
    <subfield code="a">Motivi dell'allegria (I) vol. 6</subfield>
  </datafield>
  <datafield tag="250" ind1=" " ind2=" ">
    <subfield code="a">1a ed.</subfield>
  </datafield>
  <datafield tag="260" ind1=" " ind2=" ">
    <subfield code="a">MILANO</subfield>
  </datafield>
  <datafield tag="260" ind1=" " ind2=" ">
    <subfield code="b">COMBO RECORD</subfield>
    <subfield code="c">1970 [1a Ed.:1970]</subfield>
  </datafield>
  <datafield tag="300" ind1=" " ind2=" ">
    <subfield code="a">DISCO</subfield>
  </datafield>
  <datafield tag="500" ind1=" " ind2=" ">
    <subfield code="a">Musica folk, popolare</subfield>
  </datafield>
  <datafield tag="505" ind1=" " ind2=" ">
    <subfield code="a">Valzer della fortuna - Stellette - Re di cuori - Ramona - Passione madrilena - Siberiana - Tormento - Valzer spensierato - Sono come tu mi vuoi - Meridiana - Il tango della pampa - Il valzer di Nan&#xF9; - Leggenda rossa - Monello bruno</subfield>
  </datafield>
  <datafield tag="511" ind1=" " ind2=" ">
    <subfield code="a">Cantano Adriano Valle; Gabriella Piccinini; Pino Simonetta; Lella Greco e Coro con Rocco Bandera e suo fratello Victor Celli e Cristina Jorio con il Quintetto Allegro</subfield>
  </datafield>
  <datafield tag="650" ind1=" " ind2=" ">
    <subfield code="a">FOLK-POPOLARE [DISCHI]</subfield>
    <subfield code="e">Codice MATERIA SPICS: 9950</subfield>
    <subfield code="9">11487</subfield>
  </datafield>
  <datafield tag="700" ind1=" " ind2=" ">
    <subfield code="a">Di Lazzaro Eldo</subfield>
    <subfield code="d">Codice autore musica SPICS: 13500</subfield>
    <subfield code="e">Autore musica</subfield>
    <subfield code="p">Valzer della fortuna</subfield>
    <subfield code="9">18881</subfield>
  </datafield>
  <datafield tag="700" ind1=" " ind2=" ">
    <subfield code="a">Mari Astro</subfield>
    <subfield code="d">Codice autore testo/musica SPICS: 13565</subfield>
    <subfield code="e">Autore testo/musica</subfield>
    <subfield code="p">Valzer della fortuna</subfield>
    <subfield code="9">18882</subfield>
  </datafield>
  <datafield tag="700" ind1=" " ind2=" ">
    <subfield code="a">Stocchetti</subfield>
    <subfield code="d">Codice autore musica SPICS: 28398</subfield>
    <subfield code="e">Autore musica</subfield>
    <subfield code="p">Stellette - Passione madrilena</subfield>
    <subfield code="9">18883</subfield>
  </datafield>
  <datafield tag="700" ind1=" " ind2=" ">
    <subfield code="a">Cherubini Bixio</subfield>
    <subfield code="d">Codice autore testo/musica SPICS: 13442</subfield>
    <subfield code="e">Autore testo/musica</subfield>
    <subfield code="p">Stellette - Re di cuori - Passione madrilena - Siberiana - Tormento - Sono come tu mi vuoi - Meridiana - Il tango della pampa - Il valzer di Nan&#xF9; - Leggenda rossa - Monello bruno</subfield>
    <subfield code="9">18884</subfield>
  </datafield>
  <datafield tag="700" ind1=" " ind2=" ">
    <subfield code="a">Schor Lao</subfield>
    <subfield code="d">Codice autore musica SPICS: 13537</subfield>
    <subfield code="e">Autore musica</subfield>
    <subfield code="p">Re di cuori</subfield>
    <subfield code="9">18885</subfield>
  </datafield>
  <datafield tag="700" ind1=" " ind2=" ">
    <subfield code="a">Wayne M.</subfield>
    <subfield code="d">Codice autore musica SPICS: 25135</subfield>
    <subfield code="e">Autore musica</subfield>
    <subfield code="p">Ramona</subfield>
    <subfield code="9">18886</subfield>
  </datafield>
  <datafield tag="700" ind1=" " ind2=" ">
    <subfield code="a">Gilbert</subfield>
    <subfield code="d">Codice autore SPICS: 22535</subfield>
    <subfield code="e">Autore</subfield>
    <subfield code="p">Ramona</subfield>
    <subfield code="9">18887</subfield>
  </datafield>
  <datafield tag="700" ind1=" " ind2=" ">
    <subfield code="a">Misselvia</subfield>
    <subfield code="d">Codice autore testo/musica SPICS: 14169</subfield>
    <subfield code="e">Autore testo/musica</subfield>
    <subfield code="p">Ramona</subfield>
    <subfield code="9">18888</subfield>
  </datafield>
  <datafield tag="700" ind1=" " ind2=" ">
    <subfield code="a">Bixio Cesare Andrea</subfield>
    <subfield code="d">Codice autore musica SPICS: 13441</subfield>
    <subfield code="e">Autore musica</subfield>
    <subfield code="p">Siberiana - Sono come tu mi vuoi - Il tango della pampa - Il valzer di Nan&#xF9;</subfield>
    <subfield code="9">18890</subfield>
  </datafield>
  <datafield tag="700" ind1=" " ind2=" ">
    <subfield code="a">Rusconi Gerardo</subfield>
    <subfield code="d">Codice autore musica SPICS: 13276</subfield>
    <subfield code="e">Autore musica</subfield>
    <subfield code="p">Tormento - Meridiana</subfield>
    <subfield code="9">18891</subfield>
  </datafield>
  <datafield tag="700" ind1=" " ind2=" ">
    <subfield code="a">Giuliani Gilda</subfield>
    <subfield code="d">Codice autore musica SPICS: 14332</subfield>
    <subfield code="e">Autore musica</subfield>
    <subfield code="p">Valzer spensierato</subfield>
    <subfield code="9">18892</subfield>
  </datafield>
  <datafield tag="700" ind1=" " ind2=" ">
    <subfield code="a">Bracchi Alfredo</subfield>
    <subfield code="d">Codice autore testo/musica SPICS: 13448</subfield>
    <subfield code="e">Autore testo/musica</subfield>
    <subfield code="p">Valzer spensierato</subfield>
    <subfield code="9">18893</subfield>
  </datafield>
  <datafield tag="700" ind1=" " ind2=" ">
    <subfield code="a">Fragna Armando</subfield>
    <subfield code="d">Codice autore musica SPICS: 13570</subfield>
    <subfield code="e">Autore musica</subfield>
    <subfield code="p">Leggenda rossa</subfield>
    <subfield code="9">18894</subfield>
  </datafield>
  <datafield tag="700" ind1=" " ind2=" ">
    <subfield code="a">Pasargiklian</subfield>
    <subfield code="d">Codice autore musica SPICS: 25685</subfield>
    <subfield code="e">Autore musica</subfield>
    <subfield code="p">Monello bruno</subfield>
    <subfield code="9">18895</subfield>
  </datafield>
  <datafield tag="942" ind1=" " ind2=" ">
    <subfield code="c">MD</subfield>
    <subfield code="2">ddc</subfield>
  </datafield>
  <datafield tag="952" ind1=" " ind2=" ">
    <subfield code="0">0</subfield>
    <subfield code="1">0</subfield>
    <subfield code="4">0</subfield>
    <subfield code="6">32945_000000000000000</subfield>
    <subfield code="7">1</subfield>
    <subfield code="a">SPICS</subfield>
    <subfield code="b">SPICS</subfield>
    <subfield code="d">2013-10-25</subfield>
    <subfield code="l">0</subfield>
    <subfield code="o">32945</subfield>
    <subfield code="r">2013-10-25 00:00:00</subfield>
    <subfield code="w">2013-10-25</subfield>
    <subfield code="y">MD</subfield>
    <subfield code="z">Progr. Ins.: 12201 / N.Vol.: n.d. / Copie: 1 - Copia rara: n.d. / date import: 01.01.2014 - By Epidotti, Trombetti, Vaglietti</subfield>
  </datafield>
</record>
